নির্বাচিত গল্প (Record no. 3888)
[ view plain ]
| 000 -LEADER | |
|---|---|
| fixed length control field | 00506nam a2200157Ia 4500 |
| 008 - FIXED-LENGTH DATA ELEMENTS--GENERAL INFORMATION | |
| fixed length control field | 151213s9999 xx 000 0 und d |
| 020 ## - INTERNATIONAL STANDARD BOOK NUMBER | |
| International Standard Book Number | 984-32-3077-9 |
| 100 ## - MAIN ENTRY--PERSONAL NAME | |
| Personal name | আবুল আজাদ |
| 245 ## - TITLE STATEMENT | |
| Title | নির্বাচিত গল্প |
| Statement of responsibility, etc. | আবুল আজাদ |
| 260 ## - PUBLICATION, DISTRIBUTION, ETC. (IMPRINT) | |
| Place of publication, distribution, etc. | ঢাকা |
| Name of publisher, distributor, etc. | স্বরাজ প্রকাশনী |
| Date of publication, distribution, etc. | 2006 |
| 300 ## - PHYSICAL DESCRIPTION | |
| Extent | 7318 p. |
| 650 ## - SUBJECT ADDED ENTRY--TOPICAL TERM | |
| Topical term or geographic name as entry element | Bangla |
| 650 ## - SUBJECT ADDED ENTRY--TOPICAL TERM | |
| Topical term or geographic name as entry element | বাংলা সাহিত্য |
| 700 ## - ADDED ENTRY--PERSONAL NAME | |
| Personal name | আবুল আজাদ |
No items available.
